000 00591nam a2200193Ia 4500
003 IN-BaIIA
008 211028s9999 xx 000 0 eng d
040 _cIIA Library
080 _a51
_bPRO
245 0 _aProblems in mathematical analysis
_cedited by B. Demidovich
260 _aMoscow
_bMIR Publishers
_c1973
300 _a496p.
650 _aDifferential equations
_91510
650 _aIndefinite integrals
_933872
650 _aMathemetics
_933873
700 _aDemidovich, B., ed.
_933874
700 _aYankovsky, G., tr.
_933875
942 _cBK
999 _c17833
_d17833